000 00610nam a2200193 i 4500
001 102283
003 ES-MaACL
005 20251120063137.0
007 t|
008 051108s1934 sp ||||1| spa d
100 1 _aMenéndez, Jaime,
_d1901-1969
_980289
245 1 0 _aVísperas de catástrofe
_b: panorama de la política internacional /
_cJaime Menéndez.
260 _aMadrid :
_bEspasa-Calpe,
_c1934.
300 _a385 p. ;
_c23 cm.
650 _aRelaciones internacionales.
_916783
651 4 _aEuropa-
_xHistoria-
_y1918-1945.
_98609
852 _aES-MaACL
_jA-2976
999 _c102283
_d102283